00346 a2200133 4500001000700000020001800007040001100025100002300036240005800059245005300117300000800170362000900178440002500187170963 a85-359-0412-3 cMagnum aGrenier, Christian10aContos e lendas: os doze trabalhos de hérculeslpor10aContos e lendas: os doze trabalhos de hércules a2710 a2003 1aCompanhia das Letras